000 00545nam a22001817a 4500
008 150610b xxu||||| |||| 00| 0 eng d
041 0 _aeng
080 _a97
245 0 0 _aThe Indians.
_cBy the editors of Time-Life Books, with text by Benjamin Capps.
260 _aNew York :
_bTime-Life Books,
_c[1973]
300 _a240 f. :
_bme il. :
_c28 cm.
490 _aThe Old West
505 _aInedex : f. 238-240
650 0 _aIndians of North America
650 0 _aIndianët e Amerikës Veriore
700 1 _aCapps, Benjamin,
942 _2udc
_cBK
999 _c1029
_d1029